| 000 | 003490000a22001090004500 | ||
|---|---|---|---|
| 090 |
_aAS _bSeriadas |
||
| 245 | 1 | 0 | _aArboles de la Sabana de Bogotá |
| 041 | 0 | _aEspañol | |
| 100 | 1 |
_aGarcía Barriga, Hernando _912170 |
|
| 942 | _cARTICULO | ||
| 773 | 1 |
_tRevista de la Academia Colombiana de Ciencias Exactas, Fisicas y Naturales _332 _h51 _q273-274 _d1969 _g13 |
|
| 999 |
_c14134 _d14134 |
||